Statistics for 中国地级行政区 Chinese Prefecture-level Municipality

Click here to take the quiz!

General Stats

  • This quiz has been taken 26 959 times
    (26 936 since last reset)
  • The average score is 199 of 391

Answers on the Map

Answers color-coded by a green-red scale on the quiz's map according to % correct below.
 

Answer Stats

地市% Correct
广州
85%
呼和浩特
83%
澳门特别行政区
82%
杭州
82%
郑州
79%
金华
78%
延安
78%
威海
78%
西安
76%
连云港
75%
济宁
74%
滨州
74%
南昌
74%
桂林
73%
哈尔滨
72%
安庆
72%
韶关
71%
昆明
71%
济南
71%
景德镇
71%
运城
70%
海东
70%
襄阳
70%
临沂
70%
湘潭
69%
香港特别行政区
69%
深圳
69%
苏州
69%
晋中
69%
吉安
68%
宜昌
68%
梧州
67%
南宁
67%
周口
67%
邢台
67%
上海
67%
海西蒙古族藏族自治州
67%
汕尾
67%
金门县
66%
三亚
66%
台南
66%
吉林
66%
徐州
66%
海北藏族自治州
66%
秦皇岛
66%
定西
66%
东莞
66%
东方
65%
衢州
65%
张家口
65%
铁岭
65%
高雄
65%
汉中
64%
舟山
64%
廊坊
64%
宝鸡
64%
泉州
63%
湖州
63%
鄂尔多斯
63%
石家庄
63%
抚州
63%
仙桃
63%
拉萨
63%
合肥
63%
莆田
63%
天津
63%
重庆
62%
资阳
62%
海口
62%
银川
62%
丽水
62%
普洱
62%
曲靖
62%
张掖
62%
湛江
61%
三明
61%
乌鲁木齐
61%
宜春
61%
台中
61%
儋州
61%
台州
61%
无锡
61%
绍兴
60%
商洛
60%
绵阳
60%
那曲
60%
黔西南布依族苗族自治州
60%
福州
60%
洛阳
60%
南阳
59%
石河子
59%
扬州
59%
安康
59%
成都
59%
兰州
59%
贵阳
59%
自贡
59%
开封
59%
沧州
58%
台北
58%
南京
58%
宁波
58%
荆州
58%
锦州
58%
十堰
57%
大同
57%
酒泉
57%
长春
57%
佛山
57%
沈阳
57%
常德
57%
大理白族自治州
57%
双鸭山
57%
钦州
57%
安阳
57%
马鞍山
57%
苗栗县
57%
阿勒泰地区
57%
万宁
57%
眉山
57%
衡水
57%
百色
57%
四平
56%
阳江
56%
潮州
56%
上饶
56%
三沙
56%
大兴安岭地区
56%
驻马店
56%
珠海
56%
保亭黎族苗族自治县
56%
黔南布依族苗族自治州
56%
汕头
56%
呼伦贝尔
56%
固原
56%
张家界
55%
厦门
55%
南投县
55%
西宁
55%
德州
55%
大连
55%
宁德
55%
神农架林区
55%
河源
55%
日照
55%
内江
55%
本溪
55%
陵水黎族自治县
55%
商丘
55%
喀什地区
55%
太原
55%
渭南
55%
丽江
54%
揭阳
54%
柳州
54%
宿迁
54%
咸阳
54%
屯昌县
54%
白银
54%
蚌埠
54%
包头
54%
鹤壁
54%
达州
54%
云浮
54%
丹东
53%
长沙
53%
南通
53%
延边朝鲜族自治州
53%
赣州
53%
六安
53%
东营
53%
淮南
53%
保定
53%
邯郸
53%
九江
52%
阿坝藏族羌族自治州
52%
梅州
52%
伊犁哈萨克自治州
52%
新北
52%
攀枝花
52%
吴忠
52%
乐山
52%
唐山
52%
濮阳
52%
临汾
52%
荆门
52%
株洲
51%
温州
51%
怀化
51%
克拉玛依
51%
铜川
51%
日喀则
51%
黔东南苗族侗族自治州
51%
黄石
51%
伊春
51%
石嘴山
51%
澎湖县
50%
阿拉尔
50%
吐鲁番
50%
黄南藏族自治州
50%
昭通
50%
嘉兴
50%
枣庄
50%
北京
50%
镇江
50%
常州
50%
陇南
50%
新乡
50%
齐齐哈尔
50%
佳木斯
50%
淮安
50%
澄迈县
50%
岳阳
50%
中卫
49%
巴音郭楞蒙古自治州
49%
潍坊
49%
赤峰
49%
兴安盟
49%
迪庆藏族自治州
49%
红河哈尼族彝族自治州
49%
潜江
49%
芜湖
49%
通辽
49%
怒江傈僳族自治州
49%
黄冈
49%
鸡西
49%
阿拉善盟
49%
昌都
49%
滁州
49%
泰州
49%
武汉
48%
娄底
48%
鄂州
48%
泰安
48%
鹰潭
48%
衡阳
48%
西双版纳傣族自治州
48%
淄博
48%
通化
48%
玉树藏族自治州
48%
南平
48%
三门峡
48%
葫芦岛
48%
信阳
48%
武威
48%
聊城
47%
林芝
47%
阿里地区
47%
恩施土家族苗族自治州
47%
青岛
47%
桃园
47%
淮北
47%
承德
47%
菏泽
47%
博尔塔拉蒙古自治州
47%
黄山
47%
海南藏族自治州
47%
朝阳
47%
肇庆
47%
榆林
46%
玉林
46%
阜阳
46%
牡丹江
46%
湘西土家族苗族自治州
46%
七台河
46%
黑河
46%
甘孜藏族自治州
46%
遵义
46%
龙岩
46%
漯河
45%
六盘水
45%
许昌
45%
长治
45%
文昌
45%
中山
45%
河池
45%
晋城
44%
鞍山
44%
和田地区
44%
新竹
44%
阿克苏地区
44%
嘉峪关
44%
辽阳
44%
松原
44%
防城港
44%
基隆
44%
宜宾
44%
大庆
44%
北屯
44%
哈密
43%
花莲县
43%
贺州
43%
北海
43%
德宏傣族景颇族自治州
43%
亳州
43%
江门
43%
玉溪
43%
宣城
43%
盐城
43%
济源
43%
焦作
43%
吕梁
42%
鹤岗
42%
台东县
42%
清远
42%
益阳
42%
山南
42%
锡林郭勒盟
42%
茂名
42%
盘锦
42%
南充
41%
新竹县
41%
宿州
41%
连江县(马祖)
41%
天门
41%
琼海
41%
雅安
41%
果洛藏族自治州
41%
烟台
40%
屏东县
40%
保山
40%
德阳
40%
铜陵
40%
琼中黎族苗族自治县
40%
塔城地区
40%
安顺
39%
绥化
39%
巴彦淖尔
39%
图木舒克
39%
永州
38%
抚顺
38%
昌吉回族自治州
38%
朔州
38%
惠州
38%
平凉
38%
铜仁
38%
营口
38%
白山
37%
毕节
37%
漳州
37%
平顶山
37%
孝感
37%
嘉义县
36%
广安
36%
五指山
36%
贵港
36%
临高县
36%
泸州
36%
来宾
36%
庆阳
35%
文山壮族苗族自治州
35%
金昌
35%
新余
35%
萍乡
35%
忻州
35%
宜兰县
35%
云林县
35%
阳泉
35%
克孜勒苏柯尔克孜自治州
35%
天水
34%
可克达拉
34%
乐东黎族自治县
33%
阜新
33%
双河
32%
乌海
32%
白城
32%
郴州
32%
乌兰察布
31%
白沙黎族自治县
31%
遂宁
30%
凉山彝族自治州
30%
辽源
30%
胡杨河市(生产建设兵团第七师)
30%
邵阳
30%
铁门关
30%
彰化县
30%
巴中
28%
广元
28%
甘南藏族自治州
28%
临沧
27%
池州
27%
楚雄彝族自治州
27%
昌江黎族自治县
26%
五家渠
26%
临夏回族自治州
26%
随州
25%
崇左
25%
定安县
24%
咸宁
24%
嘉义
23%
昆玉
21%

Score Distribution

Percentile by Number Answered

Percent of People with Each Score

Your Score History

You have not taken this quiz since the last reset